Statistics for Brand Logos Quiz #7

Click here to take the quiz!

General Stats

  • This quiz has been taken 418,978 times
  • The average score is 13 of 20

Answer Stats

Answer% Correct
YouTube
98%
Netflix
97%
Paypal
91%
Audi
90%
Monopoly
88%
Dell
86%
BBC
83%
Dreamworks
78%
Reese's
73%
Kellogg's
67%
Ray-Ban
67%
Tiffany
62%
Baskin-Robbins
61%
New York Times
61%
Virgin
60%
Dole
48%
Goodyear
39%
American Express
27%
Morton's
21%
AOL Instant Messenger
18%

Score Distribution

Percentile by Number Answered

Percent of People with Each Score

Your Score History

You have not taken this quiz